=LDR 00000nam 2200000 4500 =001 INLIS000000000810258 =005 20251124084402 =035 ##$$a 0010-1125000112 =007 ta =008 251124###########################0###### =020 ##$$a 9789793653181 =082 ##$$a 297.3 =084 ##$$a 297.3 AMR i =245 ##$$a Ibadah sepenuh hati /$c Amru khalid =250 ##$$a Cet. 7 =260 ##$$a Solo :$b Aqwam,$c 2005 =300 ##$$a 296 hlm ; $c 23 cm